| 000 | 00327nam a2200121Ia 4500 | ||
|---|---|---|---|
| 008 | 220204s9999 xx 000 0 und d | ||
| 082 |
_a339.9(06) _bWAT |
||
| 100 | _aWATTS, N G M | ||
| 245 | 0 | _aEconomic relations between east and west | |
| 260 |
_aLondon _bMacmillan _c1978 |
||
| 650 | _aForeign economic relations | ||
| 942 | _cBK | ||
| 999 |
_c31816 _d31816 |
||